000 00301nam a2200121Ia 4500
008 240731s9999 xx 000 0 und d
022 _a1466-4453
245 0 _aJournal of Property Research
260 _bRoutledge
856 _uhttps://www.tandfonline.com/loi/rjpr20
942 _2ddc
942 _cTFEJ
999 _c78090
_d78090
945 _a1
_bMadushi Gamage
_c1
_dMadushi Gamage